=LDR 00000nam 2200000 4500 =001 000440 =005 20250710041740 =035 ##$$a 0010-0725000302 =007 ta =008 250710################a##########0#ind## =020 ##$$a 978-623-307-355-4 =082 ##$$a 398.209 598 =084 ##$$a 398.209 598 RAN b =100 #$$a Ranoosi, Khothatso =245 1#$$a Bola Merah milikku /$c Khothatso Ranoosi =250 ##$$a cetakan kedua =260 ##$$a Jakarta Timur :$b Badan Pengembangan dan Pembinaan Bahasa,$c 2024 =300 ##$$a 20 hlm. : $b Ilus. ; $c 29,7 cm =650 #4$$a cerita anak indonesia-terjemahan =650 #4$$a Literasi-Bahan Bacaan =856 ##$$a TBM As-suhada =990 ##$$a TBM01630163